000 00524nam a2200217Ia 4500
003 0100
008 130303s9999 xx 000 0 und d
020 _a0521387108
040 _cARRUPELIB
050 _aB1498.C26 1994
245 4 _aThe Cambridge companion to Hume
260 _aCambridge
260 _bCambridge University Press
260 _C1993
300 _axiii
300 _b 400 p. 23 cm.
440 _acambidge companions
650 _aPHILOSOPHY
700 _aNorton, David Fate(ed.)
942 0 0 _03
999 _c13197
_d13197